000 00619nam a2200217Ia 4500
001 15318
003 GE_BSU
008 181216s||||||||xx |||||||||||||| ||und||
040 _cGE_BSU
080 _a821.353.1-32
100 _aშატბერაშვილი,ბორის
245 _aწვეთი სისხლი
245 _b[მოთხრობები]
260 _aთბილისი
260 _bნაკადული
260 _c1968
300 _a154გვ.16სმ.
653 _aმოთხრობები
653 _aწვეთი სისხლი
942 _cBK
999 _c48426
_d48426